000
00265nam a22001217a 4500
041
_a
ENG
100
_a
V.P Kudesia
245
_a
Pollution (Everywhere
260
_a
Delhi
_b
Pragati Prakashan Meerut
_c
1992
300
_a
383
650
_a
M.Tech
856
_u
M.Tech
999
_c
2676
_d
2676